00301nam a22000977a 4500008004100000050002100041100003200062245004800094260004600142300001500188170829b xxu||||| |||| 00| 0 eng d aBS 185 .N49 1970 aThe New English Bibled1970 aThe New English Bible:bth e new testament. aBritain:bOxford university press,c1970. axvii,445p.